Szczegóły MARC21

Jean-Jaques Rouseau : de l'éros coupable à l'éros glorieux /

005 -DATA I CZAS OSTATNIEJ MODYFIKACJI [,]
    • @
    • pole kontrolne
    • 20081002095431.0
020 -Międzynarod. znormalizowany nr książki - ISBN [ , ]
    • a
    • Numer ISBN
    • 2051016070 Find
040 -Instytucja sporządzająca opis [ , ]
    • a
    • Instytucja, która sporządziła opis (NP)
    • SZCZ U/IJ
    • c
    • Instytucja, która sporządziła rekord (NP)
    • SZCZ U/IJ
    • d
    • Instytucja, która zmodyfikowała rekord (P)
    • SZCZ U/AP
041 -Język dokumentu [0, ]
    • a
    • Język tekstu (P)
    • francuski
044 -Kraj miejsca wydania [ , ]
    • a
    • Kraj miejsca wydania
    • Szwajcaria
942 -Rodzaj dokumentu [ , ]
    • c
    • Rodzaj dokumentu
    • Książka
100 -Hasło główne - nazwa osobowa [1, ]
    • a
    • Nazwa osobowa (NP)
    • Clément, Pierre-Paul.
245 -Strefa tytułu i oznaczenia odpowiedzialności [1,0]
    • a
    • Tytuł
    • Jean-Jaques Rouseau : Find
    • b
    • Ciąg dalszy tytułu (NP)
    • de l'éros coupable à l'éros glorieux / Find
    • c
    • Pozostałe elementy strefy tytułu i oznaczenia odpowiedzialności (NP)
    • Pierre-Paul Clément.
250 -Strefa wydania [ , ]
    • a
    • Oznaczenie wydania (NP)
    • Nouv. éd. augm.
260 -Strefa adresu wydawniczego [ , ]
    • a
    • Miejsce wydania (P)
    • Genève :
    • b
    • Nazwa wydawcy (P)
    • Slatkine Reprints,
    • c
    • Data wydania (P)
    • 1998.
300 -Strefa opisu fizycznego [ , ]
    • a
    • Określenie formy książki i/lub objętość (NP)
    • 521 s. ;
    • c
    • Format (NP)
    • 23 cm.
504 -Uwaga dot. bibliogr. załącznikowej [ , ]
    • a
    • Uwaga dot. bibliografii załącznikowej
    • Bibliogr. Ind.
080 -Uniwersalna Klasyfikacja Dziesiętna [ , ]
    • 2
    • Identyfikator wydania tablic
    • UDC-P058
    • a
    • Symbol klasyfikacji
    • 1A/Z
    • b
    • Dopowiedzenie
    • Poszczególni filozofowie.
    • x
    • Poddział wspólny
    • (494)
    • b
    • Dopowiedzenie
    • (Szwajcaria).
    • x
    • Poddział wspólny
    • "17"
    • b
    • Dopowiedzenie
    • XVIII wiek.
    • x
    • Poddział wspólny
    • =133.1
    • b
    • Dopowiedzenie
    • =Język francuski.
080 -Uniwersalna Klasyfikacja Dziesiętna [ , ]
    • 2
    • Identyfikator wydania tablic
    • UDC-P058
    • a
    • Symbol klasyfikacji
    • 929-052A/Z
    • b
    • Dopowiedzenie
    • Biografie indywidualne.
    • x
    • Poddział wspólny
    • =133.1
    • b
    • Dopowiedzenie
    • =Język francuski
080 -Uniwersalna Klasyfikacja Dziesiętna [ , ]
    • 2
    • Identyfikator wydania tablic
    • UDC-P058
    • a
    • Symbol klasyfikacji
    • 159.964.2
    • b
    • Dopowiedzenie
    • Psychoanaliza.
    • x
    • Poddział wspólny
    • =133.1
    • b
    • Dopowiedzenie
    • =Język francuski
980 -Symbol UKD [ , ]
    • a
    • UKD
    • 1(494)"17":929-052:159.964.2]Rousseau=133.1
920 -ISBN [ , ]
    • a
    • ISBN
    • 2-05-101607-0 Find
Sygnatura Data inwentaryzacji Lokalizacja Numer inwentarzowy Status udost.
FR. Filozofia 212008-09-25BMA.80071